It looks like you're offline.
Open Library logo
additional options menu

MARC record from Internet Archive

LEADER: 02561cam 2200637 a 4500
001 ocn762958713
003 OCoLC
005 20201014090900.0
008 111123s2012 onc 000 d eng
007 ta
010 $a 2012452466
040 $aNLC$beng$cNLC$dBTCTA$dCDX$dYDXCP$dBWX$dBDX$dYHM$dDLC$dFDA$dOCLCF$dCHVBK$dCNUTO$dJG0$dNLC$dMUX$dOCLCO$dHLS$dOCL$dOCLCO$dCEF$dOCLCQ$dOCLCA
015 $a20119080206$2can
016 $a(AMICUS)000040111813
019 $a803906556$a977909810$a979617990$a980117212$a981448074$a1016244984$a1032646176$a1035248559$a1044399702$a1056401729$a1060816427$a1074300974
020 $a9781770910416
020 $a1770910417
035 $a(OCoLC)762958713$z(OCoLC)803906556$z(OCoLC)977909810$z(OCoLC)979617990$z(OCoLC)980117212$z(OCoLC)981448074$z(OCoLC)1016244984$z(OCoLC)1032646176$z(OCoLC)1035248559$z(OCoLC)1044399702$z(OCoLC)1056401729$z(OCoLC)1060816427$z(OCoLC)1074300974
037 $bCoutts;20092873;05/22/12$c0016.95
037 $b052212 001695 000075 001567 20092873
043 $aa-ii---
050 4 $aPR9199.4.R6894$bB76 2012
055 02 $aPS8635*
055 0 $aPS8635 O898$bB76 2012
082 04 $aC812/.6$223
084 $acci1icc$2lacc
084 $acoll13$2lacc
100 1 $aRoy, Anusree.
245 10 $aBrothel #9 /$cAnusree Roy.
246 3 $aBrothel number nine
250 $a1st ed., Apr. 2012.
260 $aToronto :$bPlaywrights Canada Press,$c2012.
300 $aiv, 100 pages ;$c20 cm
336 $atext$btxt$2rdacontent
337 $aunmediated$bn$2rdamedia
338 $avolume$bnc$2rdacarrier
500 $aA play.
530 $aAlso issued in electronic format.
650 0 $aProstitution$zIndia$zKolkata$vDrama.
651 7 $aIndia$zKolkata.$2fast$0(OCoLC)fst01892339
650 7 $aProstitution.$2fast$0(OCoLC)fst01079562
600 07 $aDrama$2gnd
600 17 $aEnglisch, ...$2gnd
655 7 $aDrama.$2fast$0(OCoLC)fst01423879
856 42 $3Contributor biographical information$uhttp://catdir.loc.gov/catdir/enhancements/fy1211/2012452466-b.html
856 42 $3Publisher description$uhttp://catdir.loc.gov/catdir/enhancements/fy1211/2012452466-d.html
938 $aBrodart$bBROD$n103482369
938 $aBaker and Taylor$bBTCP$nBK0011017005
938 $aCoutts Information Services$bCOUT$n20192615
938 $aYBP Library Services$bYANK$n9571369
029 0 $aNLC$b000040111813
029 1 $aAU@$b000050081074
029 1 $aCHBIS$b007585105
029 1 $aCHVBK$b18535534X
994 $aZ0$bP4A
948 $hNO HOLDINGS IN P4A - 96 OTHER HOLDINGS